Globalización y derechos de la infancia y la adolescencia /
Los derechos de la infancia en la era de la globalización
Guardado en:
| Otros Autores: | , |
|---|---|
| Formato: | Libro |
| Idioma: | Spanish |
| Publicado: |
Zaragoza :
Universidad de Zaragoza,
2007
|
| Materias: | |
| Etiquetas: |
Agregar Etiqueta
Sin Etiquetas, Sea el primero en etiquetar este registro!
|
| LEADER | 00949nam a22002415a 4500 | ||
|---|---|---|---|
| 001 | DER.der005986 | ||
| 005 | 20171109000000.0 | ||
| 008 | 180615s2007####||||||||||||||||||||spa|| | ||
| 020 | |a 978-84-611-9058-4 | ||
| 245 | 1 | 0 | |a Globalización y derechos de la infancia y la adolescencia / |c , coordinado por Juan Guilló Jiménez, y Manuel Calvo Garcí |
| 260 | |a Zaragoza : |b Universidad de Zaragoza, |c 2007 | ||
| 300 | 0 | |a 156 p.. | |
| 520 | |a Los derechos de la infancia en la era de la globalización | ||
| 520 | |a Nuevos escenarios para los derechos de la infancia | ||
| 520 | |a Protección y promoción de los derechos de la infancia | ||
| 653 | |a GLOBALIZACION | ||
| 653 | |a DERECHO DE MENORES | ||
| 653 | |a INFANCIA | ||
| 653 | |a ADOLESCENCIA | ||
| 700 | 1 | |a Guilló Jiménez, Juan |e coordinador | |
| 700 | 1 | |a Calvo García, Manuel |e coordinador | |
| 859 | |a DERECHO |b BIB. DERECHO |h 346.015 |i GLO |p 005586 | ||
| 859 | |a DERECHO |b BIB. DERECHO |h 346.015 |i GLO |p 005682 | ||
